LIBRARY & INFORMATION CENTRE, KCAET, TAVANUR

ONLINE PUBLIC ACCESS CATALOGUE (OPAC)

Rural development in India / (Record no. 1560)

MARC details
000 -LEADER
fixed length control field 00489cam a2200205ua 4500
041 ## - LANGUAGE CODE
Language code of text/sound track or separate title eng
082 ## - DEWEY DECIMAL CLASSIFICATION NUMBER
Classification number 307.72
Item number MAT/RU
100 ## - MAIN ENTRY--AUTHOR NAME
Personal name Mathew, T .
245 00 - TITLE STATEMENT
Title Rural development in India /
250 ## - EDITION STATEMENT
Edition statement /
260 ## - PUBLICATION, DISTRIBUTION, ETC. (IMPRINT)
Place of publication :
Name of publisher Agricole publishing accademy ,
Year of publication 1981.
300 ## - PHYSICAL DESCRIPTION
Number of Pages 199 ; .
942 ## - ADDED ENTRY ELEMENTS (KOHA)
Koha item type Books
Holdings
Withdrawn status Lost status Damaged status Home library Current library Date acquired Full call number Accession Number Koha item type
      KAUAET KAUAET 07/04/2012 307.72 14646 Books
      KAUAET KAUAET 07/04/2012 307.72 14699 Books
Withdrawn     KAUAET Sanskrit University 07/04/2012 307.72 14483 Books
free website counter